000
00198 a2200097 4500
001
48710
100
_a
Naheed
245
_a
555 Kany
260
_a
London
_b
Jang publishers
_c
090
_c
31623
_d
31623
942
_a
NUST-CAE
_c
M
_c
24029
999
_c
283783
_d
283783